• 首页
  • 本馆介绍
  • 公告通知
  • 最新文献
  • 馆藏检索
  • 电子资源
  • 读者导购
  • 参考咨询
  • 我的图书馆
  • 登录
  • 详细信息显示
  • 放入我的书架
  • 预约/预借图书
  • 作者相关作品
  • 分类相关作品
  • 丛书相关作品
  • 出版社相关作品

书目信息

  • 表格格式
  • 工作单格式
  • 卡片格式
题名:
文学批评学
    
 
作者: 李国华 著
分册:  
出版信息: 保定   河北大学出版社  1999
页数: 417页
开本: 20cm
丛书名:
单 册:
中图分类: I06
科图分类:
主题词: 文学评论--文学理论--高等学校--教材 , 文学评论 , 文学理论
电子资源:
ISBN: 7-81028-618-8
000 00699nam0 2200253 45
001 (011001)c2001005478
005 20060915095913.64
010    @a7-81028-618-8@dCNY18.00
100    @a20001108d1999 em y0chiy0121 ea
101 0  @achi
102    @aCN@b130000
105    @ay z 000yd
200 1  @a文学批评学@AWen Xue Pi Ping Xue@f李国华著
205    @a修订本
210    @a保定@c河北大学出版社@d1999
215    @a417页@d20cm
300    @a普通高等教育“九五”国家教委重点教材
606 0  @a文学评论@x文学理论@x高等学校@j教材
606 0  @a文学评论
606 0  @a文学理论
690    @aI06@v4
701  0 @a李国华@9li guo hua@4著
801    @aCN@bTSTC@c20060915
905    @b328300@dI06@e104=2@f1
    
    文学批评学/李国华著.-修订本.-保定:河北大学出版社,1999
    417页;20cm
    普通高等教育“九五”国家教委重点教材
    
    ISBN 7-81028-618-8:CNY18.00
    
●
相关链接 在E读中查询图书 在五车中查询图书 在当当中查询图书 在豆瓣中查询图书


正题名:文学批评学     索取号:I06/104=2         预约/预借

序号 登录号 条形码 馆藏地/架位号 状态 备注
1 0328300   203283008   第一样本阅览室/ [索取号:I06/104=2] 在馆    
2 0328661   203286611   第二借阅区/ [索取号:I06/104=2] 在馆    
3 0328662   203286620   第二借阅区/ [索取号:I06/104=2] 在馆    
4 0328663   203286639   第二借阅区/ [索取号:I06/104=2] 在馆    
5 0328664   203286648   第二借阅区/ [索取号:I06/104=2] 在馆    
6 0328665   203286657   第二借阅区/ [索取号:I06/104=2] 在馆    
7 0328666   203286666   第二借阅区/ [索取号:I06/104=2] 在馆    
8 0328667   203286675   第二借阅区/ [索取号:I06/104=2] 在馆    
9 0328668   203286684   第二借阅区/ [索取号:I06/104=2] 在馆    
10 0473778   204737785   密集书库/ [索取号:I06/104=2] 在馆    
唐山师范学院图书馆 欢迎您!
大连网信软件有限公司© 版权所有